[Event "Mar del Plata"]
[Site "Mar del Plata"]
[Date "1971.??.??"]
[Round "13"]
[White "Mecking, Henrique"]
[Black "Rubinetti, Jorge A"]
[Result "1/2-1/2"]
[WhiteElo "2540"]
[BlackElo "2425"]

1.e4 e5 2.Nf3 d6 3.d4 Nf6 4.Nc3 Nbd7 5.g3 Be7 6.Bg2 O-O 7.O-O c6 8.b3 Re8
9.Bb2 Bf8 10.a4 a5 11.Re1 Qc7 12.h3 b6 13.Qd2 Ba6 14.Rad1 Rac8 15.Nb1 h6
16.c4 g6 17.Nc3 Rcd8 18.Qc2 Bg7 19.Ba3 Nh7 20.Re2 Nhf8 21.Red2 exd4 22.Nxd4 Nc5
23.e5 dxe5 24.Nxc6 Rxd2 25.Rxd2 e4 26.Nd4 e3 27.Rd1 exf2+ 28.Qxf2 Qe5 29.Nd5 Ne4
30.Bxe4 Qxe4 31.Nc6 f5 32.Kh2 Re6 33.Nce7+ Kh7 34.Nc7 Rxe7 35.Bxe7 Qxe7 36.Nxa6 Qb7
37.Rd6 Qxa6 38.Qxb6 Qa8 39.Rd5 Qe8 40.Qf2 Qe4 41.Rxa5 Ne6 42.Ra7 h5 43.Re7 h4
44.gxh4 f4 45.h5 g5 46.Qb2 Qd3 47.h6 Qg3+ 48.Kh1 Qxh3+ 49.Qh2 Qf1+ 50.Qg1 Qf3+
51.Qg2 Qd1+ 52.Qg1 Qh5+ 53.Qh2 Qd1+ 54.Qg1 Qf3+ 55.Qg2 Qh5+ 56.Qh2 Qd1+ 57.Qg1 Qf3+  1/2-1/2

[Event "Mar del Plata"]
[Site "Mar del Plata"]
[Date "1971.??.??"]
[Round "14"]
[White "Gheorghiu, Florin"]
[Black "Brond, Victor"]
[Result "1-0"]
[WhiteElo "2530"]
[BlackElo "2315"]

1.d4 Nf6 2.c4 c5 3.d5 e5 4.Nc3 d6 5.e4 g6 6.Be2 Bg7 7.Bg5 h6 8.Bd2 a6 9.h4 h5
10.Nf3 Nbd7 11.g3 Rb8 12.Qc2 Nf8 13.Ng5 Ng4 14.f3 Nh6 15.a4 b6 16.a5 f6 17.Nh3 bxa5
18.Nd1 Bd7 19.Bxa5 Qc8 20.Nhf2 Nh7 21.Nd3 f5 22.b4 O-O 23.bxc5 dxc5 24.N1f2 fxe4
25.Nxe4 Nf5 26.Bc3 Nf6 27.Ndxc5 Nxg3 28.Nxg3 Qxc5 29.Qxg6 Rbe8 30.Rxa6 Nxd5
31.Ra5 Qb6 32.Qxb6 Nxb6 33.Nxh5 Bh8 34.Bb4 Rf5 35.Ng3 Rf7 36.Ne4 Rb8 37.Bd6 Re8
38.Rg1+ Bg7 39.Rxe5 Ra8 40.Reg5 Ra1+  1-0

[Event "Mar del Plata"]
[Site "Mar del Plata"]
[Date "1971.??.??"]
[Round "14"]
[White "Rubinetti, Jorge A"]
[Black "Juarez, Carlos Eleodoro"]
[Result "1-0"]
[WhiteElo "2425"]
[BlackElo "2340"]

1.d4 Nf6 2.c4 e6 3.Nf3 d5 4.g3 dxc4 5.Qa4+ Nbd7 6.Bg2 a6 7.Qxc4 Bd6 8.Bf4 Bxf4
9.gxf4 b5 10.Qc6 Rb8 11.Nbd2 Bb7 12.Qc2 O-O 13.a3 Nd5 14.e3 b4 15.O-O Qe7
16.Rfc1 Rfc8 17.Nb3 Ba8 18.Nc5 Nxc5 19.Qxc5 bxa3 20.bxa3 Rb5 21.Qxe7 Nxe7
22.a4 Rb6 23.Ne5 Bxg2 24.Kxg2 Nd5 25.Kf3 f6 26.a5 Rb5 27.Nc6 Ra8 28.Ra3 f5
29.Ne5 Kf8 30.Rc6 Ke7 31.Ra1 Ra7 32.h4 g6 33.h5 gxh5 34.Rg1 Nb4 35.Rcc1 Kf6
36.Rg8 Rab7 37.Rcg1 c6 38.Rf8+ Ke7 39.Rf7+  1-0

[Event "Mar del Plata"]
[Site "Mar del Plata"]
[Date "1971.??.??"]
[Round "15"]
[White "Brond, Victor"]
[Black "Rubinetti, Jorge A"]
[Result "1/2-1/2"]
[WhiteElo "2315"]
[BlackElo "2425"]

1.d4 Nf6 2.c4 c5 3.d5 b5 4.cxb5 a6 5.bxa6 Bxa6 6.Nc3 d6 7.Nf3 g6 8.Nd2 Bg7
9.e4 Bxf1 10.Nxf1 O-O 11.Ne3 Nbd7 12.O-O Qa5 13.Bd2 Qa6 14.Qc2 Rfb8 15.b3 Ne8
16.Rfb1 Nc7 17.a4 Bd4 18.Nc4 Ne5 19.Nxe5 Bxe5 20.Ra2 Rb7 21.g3 Rab8 22.Nd1 Qe2
23.Ne3 Bd4 24.Ba5 Qf3 25.Bxc7 Rxc7 26.Nc4 Ra7 27.Na3 Rb4 28.Qe2 Rxb3 29.Qxf3 Rxf3
30.Nb5 Ra5 31.Nxd4 cxd4 32.Rb5 Rxb5 33.axb5 Rb3 34.Rd2 d3 35.Kg2 f5 36.exf5 gxf5
37.Kf3 Kf7 38.Ke3 Kf6 39.f4 Rxb5 40.Rxd3 Rb2 41.h3 Rh2 42.h4 Ra2 43.Kf3 Ra1
44.Kf2 Ra5 45.Kf3 h5 46.Kf2 e6 47.dxe6 Kxe6 48.Re3+ Kd5 49.Re8 Ra2+ 50.Kf3 Ra3+
51.Kf2  1/2-1/2

[Event "Mar del Plata"]
[Site "Mar del Plata"]
[Date "1971.??.??"]
[Round "15"]
[White "Juarez, Carlos Eleodoro"]
[Black "Schweber, Samuel"]
[Result "0-1"]
[WhiteElo "2340"]
[BlackElo "2435"]

1.e4 c5 2.Nf3 a6 3.d4 cxd4 4.Nxd4 Nf6 5.Nc3 e5 6.Nde2 Bc5 7.Ng3 Qb6 8.Qf3 d6
9.h3 Nc6 10.Bd3 Nd4 11.Qd1 Nb5 12.Bxb5+ axb5 13.Qe2 b4 14.Nd1 Qa6 15.c4 b3
16.Nc3 Be6 17.Nb5 Qxa2  0-1

[Event "Mar del Plata"]
[Site "Mar del Plata"]
[Date "1971.??.??"]
[Round "15"]
[White "Mecking, Henrique"]
[Black "Pilnik, Herman"]
[Result "1-0"]
[WhiteElo "2540"]
[BlackElo "2420"]

1.e4 e5 2.Nf3 Nc6 3.Bb5 a6 4.Ba4 Nf6 5.O-O Be7 6.Re1 b5 7.Bb3 d6 8.c3 Na5
9.Bc2 c5 10.d4 Qc7 11.h3 Nc6 12.dxc5 dxc5 13.Nbd2 Be6 14.Nh4 g6 15.Nf1 Nd7
16.Nf3 Rd8 17.N3h2 c4 18.Ne3 Nc5 19.Nd5 Qd6 20.Nxe7 Qxe7 21.Qf3 Nd3 22.Rd1 Nxc1
23.Raxc1 O-O 24.Nf1 Kg7 25.Ne3 Qc5 26.b4 cxb3 27.Bxb3 Bxb3 28.axb3 Qe7 29.Ra1 Rxd1+
30.Qxd1 Nb8 31.Qg4 Kh8 32.b4 Rd8 33.Nd5 Qe6 34.Qg5 Rd6 35.Nc7 Qf6 36.Qxf6+ Rxf6
37.Rd1 Rb6 38.Rd5 f6 39.Rd8+ Kg7 40.Nd5 Rb7 41.Rd6 f5 42.exf5 gxf5 43.Re6 e4
44.Ne3 Rf7 45.Rb6 Nd7 46.Rxa6 f4 47.Nc2 Rf6 48.Ra5 Rd6 49.Nd4 Kf6 50.Rxb5 Ne5
51.Ra5 h5 52.b5 Nc4 53.Ra8 e3 54.fxe3 fxe3 55.Kf1 Ke5 56.Re8+ Kd5 57.Nc2 Rf6+
58.Kg1 Rb6 59.Nxe3+ Nxe3 60.Rxe3 Rxb5 61.Kf2 Rb8 62.Rg3 Rf8+ 63.Rf3 Rh8 64.g3 Kc4
65.g4 h4 66.g5 Rg8 67.Rf4+ Kxc3 68.Rg4 Kd3 69.Kf3 Rf8+ 70.Rf4 Rh8 71.Kg4 Ke3
72.Rf6 Ke4 73.Rh6 Rf8 74.Rxh4  1-0

[Event "Mar del Plata"]
[Site "Mar del Plata"]
[Date "1971.??.??"]
[Round "15"]
[White "Panno, Oscar"]
[Black "Planinec, Albin"]
[Result "1-0"]
[WhiteElo "2570"]
[BlackElo "2510"]

1.Nf3 Nc6 2.d4 d5 3.c4 Bg4 4.cxd5 Bxf3 5.gxf3 Qxd5 6.e3 e5 7.Nc3 Bb4 8.Bd2 Bxc3
9.bxc3 Qd6 10.Be2 Nge7 11.O-O O-O-O 12.Kh1 g5 13.Rg1 Rdg8 14.Qb3 f5 15.Rad1 exd4
16.cxd4 Rg6 17.Bc1 Rd8 18.d5 Rh6 19.Rg2 Ne5 20.e4 f4 21.Qa3 g4 22.Qxa7 N7g6
23.fxg4 Rh3 24.f3 Nh4 25.Bxf4 Nhxf3 26.Qa8+ Kd7 27.Qxb7 Rf8 28.Bg3 Ke7 29.Bxf3 Rxf3
30.Rc1 Kd7 31.Qb5+ Ke7 32.Qb2 Rhxg3 33.Rxg3 Rxg3 34.hxg3 Nd3 35.Qg7+ Kd8
36.Qh8+ Ke7 37.Qxh7+ Kd8 38.Qh8+ Ke7 39.Rf1 Qxg3 40.Qf8+  1-0

[Event "Mar del Plata"]
[Site "Mar del Plata"]
[Date "1971.??.??"]
[Round "15"]
[White "Poch, Caesar G"]
[Black "Sumiacher, Carlos"]
[Result "0-1"]
[WhiteElo "2300"]
[BlackElo "2315"]

1.e4 c5 2.Nf3 Nc6 3.d4 cxd4 4.Nxd4 g6 5.Nc3 Bg7 6.Be3 Nf6 7.Bc4 Qa5 8.Bb3 Nxe4
9.O-O Nxc3 10.bxc3 O-O 11.Qd3 b6 12.Nxc6 dxc6 13.Qe4 Qxc3 14.Qxe7 Qe5 15.Qa3 Bf5
16.Rad1 Qc7 17.Qa4 Be5 18.h3 Rad8 19.Bg5 Rxd1 20.Rxd1 c5 21.Re1 Bd7 22.Qh4 Re8
23.Re3 Bb5 24.Bd5 Bg7 25.c4 Rxe3 26.Bxe3 Ba4 27.Bf4 Qd7 28.Bb8 Bd4 29.Qe4 a6
30.h4 Qd8 31.Bg3 Bd7 32.Qf4 Qf6 33.Qc7 Bg4 34.Kh2 Kg7 35.f3 Bf5 36.Bb7 b5
37.Bd5 b4 38.h5 gxh5 39.Kh1 h4 40.Bd6 h3 41.g4 Bd3 42.Qb8 h5 43.gxh5 Kh7
44.Qc7 Qg7 45.Bg3 Bf2 46.Bxf7 Qa1+ 47.Kh2 Qg1+ 48.Kxh3 Qxg3+ 49.Qxg3 Bxg3
50.Kxg3 a5 51.Be8 Bxc4 52.Bg6+ Kh6 53.Bb1 a4 54.Kf4 Bxa2 55.Bg6 Bg8  0-1

[Event "Mar del Plata"]
[Site "Mar del Plata"]
[Date "1971.??.??"]
[Round "15"]
[White "Quinteros, Miguel A"]
[Black "Gheorghiu, Florin"]
[Result "1/2-1/2"]
[WhiteElo "2465"]
[BlackElo "2530"]

1.Nf3 g6 2.g3 Bg7 3.d4 d5 4.Bg2 Nf6 5.O-O O-O 6.c4 c5 7.cxd5 Nxd5 8.dxc5 Na6
9.Ng5 Ndb4 10.Nc3 h6 11.Nf3 Qxd1 12.Rxd1 Be6 13.Ne1 Nxc5 14.Be3 Rac8 15.Nb5 Na4
16.Nxa7 Rcd8 17.a3 Nd5 18.Bd4 Nxb2 19.Bxg7 Kxg7 20.Rdb1 Nc4 21.Rxb7 Nc3  1/2-1/2